Agricultural Wheeled Tractor Three Point Linkage part-2 (Record no. 2001)

MARC details
000 -LEADER
fixed length control field 00314nam a22001337a 4500
041 ## - LANGUAGE CODE
Language code of text/sound track or separate title ENG
100 ## - MAIN ENTRY--PERSONAL NAME
Personal name IS;4468
245 ## - TITLE STATEMENT
Title Agricultural Wheeled Tractor Three Point Linkage part-2
250 ## - EDITION STATEMENT
Edition statement Thirs Edition
260 ## - PUBLICATION, DISTRIBUTION, ETC. (IMPRINT)
Place of publication, distribution, etc New Delhi
Name of publisher, distributor, etc BIS
Date of publication, distribution, etc 1993
300 ## - PHYSICAL DESCRIPTION
Extent 4
650 ## - SUBJECT ADDED ENTRY--TOPICAL TERM
Topical term or geographic name as entry element BIS Test Code
856 ## - ELECTRONIC LOCATION AND ACCESS
Uniform Resource Identifier BIS Test Code
Holdings
Withdrawn status Lost status Source of classification or shelving scheme Damaged status Not for loan Home library Current library Shelving location Date acquired Cost, normal purchase price Total Checkouts Barcode Date last seen Date checked out Price effective from Koha item type
    Dewey Decimal Classification     College of Agricultural Engineering and Technology, Dapoli , Library College of Agricultural Engineering and Technology, Dapoli , Library Book Cart 07/10/2021 90.00 1 004870 06/06/2022 23/05/2022 07/10/2021 Books

Contact Us: College of Agricultural Engineering and Technology, Dapoli, Dist.- Ratnagiri
Website: https://dbskkv.org Email: caetlibrary2015@gmail.com